Лекции по страноведению (Германия) для студентов II курса факультета иностранных языков (Запись № 309442)

Подробности
000 -МАРКЕР
контрольное поле 01827nam1a2200349 i 4500
001 - ИДЕНТИФИКАТОР ЗАПИСИ
контрольное поле RU\NLR\bibl\58587
005 - ИДЕНТИФИКАТОР ВЕРСИИ
контрольное поле 20260407101949.0
035 ## - ДРУГИЕ СИСТЕМНЫЕ НОМЕРА
Идентификатор записи (NLR Aleph) 000057138
100 ## - ДАННЫЕ ОБЩЕЙ ОБРАБОТКИ
Данные общей обработки 19991115g19999999u y0rusy50 ca
101 0# - ЯЗЫК РЕСУРСА
Язык текста, звукозаписи и т.д. русский
102 ## - СТРАНА ПУБЛИКАЦИИ ИЛИ ПРОИЗВОДСТВА
Страна публикации Российская Федерация
105 ## - ПОЛЕ КОДИРОВАННЫХ ДАННЫХ: ТЕКСТОВЫЕ МАТЕРИАЛЫ, МОНОГРАФИЧЕСКИЕ
Кодированные данные о монографическом текстовом документе y |||||||||
200 1# - ЗАГЛАВИЕ И СВЕДЕНИЯ ОБ ОТВЕТСТВЕННОСТИ
Основное заглавие Лекции по страноведению (Германия) для студентов II курса факультета иностранных языков
Сведения, относящиеся к заглавию [Основная спец. - нем. яз.]
Первые сведения об ответственности М-во общ. и проф. образования Рос. Федерации, Магнитогор. гос. пед. ин-т
Последующие сведения об ответственности [Сост. Г.П. Яковенко]
210 ## - ПУБЛИКАЦИЯ, РАСПРОСТРАНЕНИЕ И ДР.
Место издания, распространения и т.д. Магнитогорск
Имя издателя, распространителя и т. д. Изд-во МГПИ
Дата издания, распространения и т.д. 1999
215 ## - ФИЗИЧЕСКАЯ ХАРАКТЕРИСТИКА
Размеры 21
463 #0 - УРОВЕНЬ ФИЗИЧЕСКОЙ ЕДИНИЦЫ
Встроенное поле 00156437
463 #0 - УРОВЕНЬ ФИЗИЧЕСКОЙ ЕДИНИЦЫ
Встроенное поле 001566651
607 ## - ГЕОГРАФИЧЕСКОЕ НАИМЕНОВАНИЕ КАК ПРЕДМЕТ
Географическое наименование Германия
Формальный подзаголовок Руководства, пособия и т.п. для высшей школы
Тематический подзаголовок История
Системный номер авторитетной/нормативной записи 969930
Идентификатор авторитетной/нормативной записи RU\NLR\auth\6644780
607 ## - ГЕОГРАФИЧЕСКОЕ НАИМЕНОВАНИЕ КАК ПРЕДМЕТ
Географическое наименование Германия
Формальный подзаголовок Учебные издания для высшей школы
Тематический подзаголовок История
Системный номер авторитетной/нормативной записи 969930
Идентификатор авторитетной/нормативной записи RU\NLR\auth\6644780
607 ## - ГЕОГРАФИЧЕСКОЕ НАИМЕНОВАНИЕ КАК ПРЕДМЕТ
Географическое наименование Германия
Формальный подзаголовок Руководства, пособия и т.п.
Системный номер авторитетной/нормативной записи 2075724
Идентификатор авторитетной/нормативной записи RU\NLR\auth\661250808
607 ## - ГЕОГРАФИЧЕСКОЕ НАИМЕНОВАНИЕ КАК ПРЕДМЕТ
Географическое наименование Германия
Формальный подзаголовок Учебные издания для высшей школы
Системный номер авторитетной/нормативной записи 2075724
Идентификатор авторитетной/нормативной записи RU\NLR\auth\661250808
686 ## - ИНДЕКСЫ ДРУГИХ КЛАССИФИКАЦИЙ
Индекс Т3(4Г)я73-2
686 ## - ИНДЕКСЫ ДРУГИХ КЛАССИФИКАЦИЙ
Индекс Д890(44Г)я73-2
702 #1 - ИМЯ ЛИЦА - ВТОРИЧНАЯ ОТВЕТСТВЕННОСТЬ
Начальный элемент ввода Яковенко
Часть имени, кроме начального элемента ввода Г. П.
Расширение инициалов личного имени Галина Петровна
Код отношения Составитель
712 02 - НАИМЕНОВАНИЕ ОРГАНИЗАЦИИ - ВТОРИЧНАЯ ОТВЕТСТВЕННОСТЬ
Код отношения Прочие
Начальный элемент ввода Магнитогорский педагогический институт
Системный номер авторитетной/нормативной записи 355221
Идентификатор авторитетной/нормативной записи RU\NLR\AUTH\889929820
801 #0 - ИСТОЧНИК ЗАПИСИ
Страна Российская Федерация
Организация NLR
Дата составления 19991115
Правила каталогизации PSBO
801 #1 - ИСТОЧНИК ЗАПИСИ
Страна Российская Федерация
Организация NLR
Дата составления 19991115
830 ## - ОБЩЕЕ ПРИМЕЧАНИЕ, СОСТАВЛЕННОЕ КАТАЛОГИЗАТОРОМ
Текст примечания Сост. раскрыт по кн.
852 ## - МЕСТОНАХОЖДЕНИЕ И ШИФР ХРАНЕНИЯ
Идентификатор организации NLR
Шифр хранения (Call Number) 99-4/7478
942 ## - ДОПОЛНИТЕЛЬНЫЕ ЭЛЕМЕНТЫ ЗАПИСИ (АБИС)
Тип экземпляра АБИС Книга

Нет доступных экземпляров.